Informačné systémy v zdravotníctve

Enregistré dans:
Détails bibliographiques
Auteur principal: Naď, Matej (Auteur)
Autres auteurs: Krajčušková, Zuzana (Directeur de thèse)
Format: Manuscrit Livre
Langue:slovaque
Publié: 2015
Sujets:
Accès en ligne:http://is.stuba.sk/zp/portal_zp.pl?podrobnosti=78403
Tags: Ajouter un tag
Pas de tags, Soyez le premier à ajouter un tag!

MARC

LEADER 00000ntm a22000003a 4500
001 stuzp44318
003 SK-STU
005 20160719153047.0
007 ta
008 150427s2015----xo-----f-mn---000-0-slo-d
040 |a STU  |b slo 
041 0 |a slo 
100 1 |a Naď, Matej  |u 033000  |4 aut  |U FEI Fakulta elektrotechniky a informatiky  |T FEI Ústav elektroniky a fotoniky  |X 6275  |U E030  |Y 549  |7 6275 
242 0 1 |a Information systems in Healthcare  |y eng 
245 1 0 |a Informačné systémy v zdravotníctve 
260 |c 2015 
300 |a 37 s. 
650 4 |a informačné systémy  |2 slo 
650 4 |a zdravotníctvo  |2 slo 
650 4 |a nemocničný informačný systém (NIS)  |2 slo 
650 4 |a elektronická karta pacienta  |2 slo 
650 4 |a information systems  |2 eng 
650 4 |a healthcare  |2 eng 
650 4 |a hospital information system (HIS)  |2 eng 
650 4 |a electronic patient card  |2 eng 
700 1 |a Krajčušková, Zuzana  |4 ths  |X 1993  |7 A000001993 
856 4 |u http://is.stuba.sk/zp/portal_zp.pl?podrobnosti=78403 
996 |b 284ER01824  |c E*Bc- 1824  |l EE37  |s P  |a 0  |w stuzp44318_0001 
SQL |a stuzp44318  |b DBP  |c SLO  |d Informačné systémy v zdravotníctve  |e 6275  |f Naď, Matej  |g 033000  |h 1993  |i Krajčušková, Zuzana  |j 20150707  |k 78  |l 03  |m http://is.stuba.sk/zp/portal_zp.pl?podrobnosti=78403  |n B-TLK  |o 5.2.15. telekomunikácie